Tricky-Clicky Minute: Desserts Quiz Stats

 Plays Quiz Updated Aug 22, 2015

Score 0/50 Timer 01:00
0 Plays Today
% Correct
cheesecake
86.5%
brownie
86%
cupcake
85.9%
fruitcake
85.3%
cookie
85.2%
gingerbread
85%
pudding
85%
doughnut
85%
chocolate
84.8%
sundae
84.6%
fudge
84.4%
shortcake
84.4%
mousse
84%
Jell-O
83.8%
gelato
83.6%
custard
83.2%
macaroon
83.2%
tiramisu
82.5%
eclair
82.2%
pie
82%
toffee
82%
meringue
81.5%
shortbread
81.5%
sherbet
81.3%
popsicle
81%
% Correct
tart
80.6%
parfait
80.6%
strudel
80.5%
crepe
79.9%
biscotti
79.7%
s'more
78.9%
muffin
78.7%
baklava
77.8%
danish
77.8%
flan
76.7%
snickerdoodle
76.4%
scone
76.3%
nougat
75.7%
soufflé
75.5%
ladyfinger
74.8%
cobbler
74.2%
churro
71%
cannoli
68.9%
fritter
60.6%
brittle
54.7%
napoleon
51.8%
stroopwafel
35.6%
baumkuchen
27.4%
sweetmeat
22.6%
polvorón
17.6%

You're not logged in!

Compare scores with friends on all Sporcle quizzes.
OR
Log In

Sporcle TV

Today on Sporcle TV


Watch our educational content, quiz creation guides, and fun videos on Sporcle TV.

Show Comments

Extras

Top Quizzes Today


Score Distribution

Your Account Isn't Verified!

In order to create a playlist on Sporcle, you need to verify the email address you used during registration. Go to your Sporcle Settings to finish the process.

Report this User

Report this user for behavior that violates our Community Guidelines.

Details: